New Mexico Former and Current Municipalities - Statistics

General Stats
  • This quiz has been taken 3 times
  • The average score is 103 of 702
Answer Stats
Municipality % Correct
Alamo
100%
Alamogordo
100%
Albuquerque
100%
Carlsbad
100%
Clovis
100%
Gallup
100%
Las Cruces
100%
Los Alamos
100%
Madrid
100%
Magdalena
100%
Nogal
100%
Roswell
100%
San Juan
100%
San Miguel
100%
Santa Fe
100%
Santa Rosa
100%
Socorro
100%
Truth or Consequences
100%
Valencia
100%
Abiquiú
50%
Agua Fria
50%
Algodones
50%
Alto
50%
Angel Fire
50%
Animas
50%
Anthony
50%
Arroyo Hondo
50%
Arroyo Seco
50%
Artesia
50%
Aztec
50%
Bayard
50%
Belen
50%
Bernal
50%
Bernalillo
50%
Bland
50%
Bosque
50%
Bosque Farms
50%
Buena Vista
50%
Caballo
50%
Candy Kitchen
50%
Cañon
50%
Canoncito
50%
Cañoncito
50%
Capitan
50%
Capulin
50%
Carrizozo
50%
Carson
50%
Chama
50%
Chili
50%
Chimayó
50%
Cimarron
50%
Clayton
50%
Clines Corners
50%
Cloudcroft
50%
Cochiti
50%
Corona
50%
Corrales
50%
Costilla
50%
Coyote
50%
Cuba
50%
Dawson
50%
Des Moines
50%
Dexter
50%
Dulce
50%
Eagle Nest
50%
Edgewood
50%
Elephant Butte
50%
Encino
50%
Farmington
50%
Fence Lake
50%
Folsom
50%
Galisteo
50%
Gallina
50%
Glenwood
50%
Glorieta
50%
Grants
50%
Hachita
50%
Hagerman
50%
Hatch
50%
Hernandez
50%
High Rolls
50%
Hillsboro
50%
Hobbs
50%
Isleta Pueblo
50%
Jal
50%
Jemez Pueblo
50%
Jemez Springs
50%
Kingston
50%
Kirtland
50%
Laguna
50%
Lake Arthur
50%
Lamy
50%
Las Trampas
50%
Las Vegas
50%
Logan
50%
Lordsburg
50%
Los Cerrillos
50%
Los Lunas
50%
Los Ojos
50%
Los Ranchos de Albuquerque
50%
Loving
50%
Lovington
50%
Maxwell
50%
Mesilla
50%
Milan
50%
Mogollon
50%
Mora
50%
Moriarty
50%
Mosquero
50%
Mountainair
50%
Nageezi
50%
Nambe
50%
Nambé Pueblo
50%
Navajo
50%
North Valley
50%
Ohkay Owingeh
50%
Ojo Caliente
50%
Pecos
50%
Peñasco
50%
Peralta
50%
Picuris Pueblo
50%
Pie Town
50%
Pojoaque
50%
Portales
50%
Quemado
50%
Questa
50%
Ramah
50%
Raton
50%
Red River
50%
Redrock
50%
Regina
50%
Reserve
50%
Rio Communities
50%
Rio Rancho
50%
Roy
50%
Ruidoso
50%
Ruidoso Downs
50%
San Cristobal
50%
San Ildefonso Pueblo
50%
San Jon
50%
San Lorenzo
50%
San Mateo
50%
San Pablo
50%
San Pedro
50%
Santa Ana Pueblo
50%
Santa Clara
50%
Santa Clara Pueblo
50%
Santa Cruz
50%
Santa Teresa
50%
San Ysidro
50%
Shiprock
50%
Silver City
50%
South Valley
50%
Springer
50%
Sunland Park
50%
Taos
50%
Taos Pueblo
50%
Taos Ski Valley
50%
Tesuque
50%
Tesuque Pueblo
50%
Texico
50%
Tierra Amarilla
50%
Tijeras
50%
Tres Piedras
50%
Truchas
50%
Tucumcari
50%
Tularosa
50%
Vaughn
50%
Ventura
50%
Wagon Mound
50%
White Rock
50%
Whites City
50%
Williamsburg
50%
Youngsville
50%
Zia Pueblo
50%
Zuni Pueblo
50%
Abeytas
0%
Abo
0%
Acomita Lake
0%
Adelino
0%
Alameda
0%
Alamillo
0%
Alamocita
0%
Alaska
0%
Alcalde
0%
Aleman
0%
Alma
0%
Amalia
0%
Amistad
0%
Anaconda
0%
Antelope Wells
0%
Anton Chico
0%
Anzac Village
0%
Apache Creek
0%
Arabela
0%
Aragon
0%
Arch
0%
Arenas Valley
0%
Arrey
0%
Arroyo Del Agua
0%
Atoka
0%
Baldy Town
0%
Bard
0%
Beclabito
0%
Bellview
0%
Bent
0%
Berino
0%
Bernardo
0%
Bethel
0%
Bibo
0%
Blackdom
0%
Black Rock
0%
Blanco
0%
Bloomfield
0%
Bluewater
0%
Bluewater Acres
0%
Bluewater Village
0%
Boles Acres
0%
Bonanza City
0%
Borrego Pass
0%
Bramlett
0%
Brazos
0%
Brilliant
0%
Brimhall Nizhoni
0%
Broadview
0%
Buckhorn
0%
Bueyeros
0%
Buffalo Springs
0%
Cabezon
0%
Cambray
0%
Cañada de los Alamos
0%
Canjilon
0%
Cannon AFB
0%
Cañones
0%
Canova
0%
Canta Recio
0%
Caprock
0%
Carnuel
0%
Carpenter
0%
Casa Blanca
0%
Casa Colorada
0%
Causey
0%
Cebolla
0%
Cedar Crest
0%
Cedar Grove
0%
Cedar Hill
0%
Cedarvale
0%
Cedro
0%
Cerro
0%
Chacon
0%
Chamberino
0%
Chamisal
0%
Chamita
0%
Chamizal
0%
Chaparral
0%
Chical
0%
Chi Chil Tah
0%
Chilili
0%
Chise
0%
Chloride
0%
Chupadero
0%
Church Rock
0%
City of the Sun
0%
Clairmont
0%
Claunch
0%
Cleveland
0%
Cliff
0%
Cloverdale
0%
Cobre
0%
Cochiti Lake
0%
Colonias
0%
Columbus
0%
Conchas Dam
0%
Continental Divide
0%
Cooney
0%
Cordova
0%
Cotton City
0%
Counselor
0%
Crossroads
0%
Crownpoint
0%
Cruzville
0%
Crystal
0%
Cuartelez
0%
Cubero
0%
Cuchillo
0%
Cuervo
0%
Cundiyo
0%
Cuyamungue
0%
Cuyamungue Grant
0%
Datil
0%
Delphos
0%
Deming
0%
Derry
0%
Dixon
0%
Doña Ana
0%
Dora
0%
Duran
0%
Dusty
0%
Dwyer
0%
East Pecos
0%
Edith Endave
0%
El Cerro
0%
El Cerro Mission
0%
Eldorado at Santa Fe
0%
El Duende
0%
Elida
0%
Elizabethtown
0%
El Ojo Del Padre
0%
El Porvenir
0%
El Prado
0%
El Rancho
0%
El Rito
0%
El Valle de Arroyo Seco
0%
Embudo
0%
Encinal
0%
Endee
0%
Engle
0%
Ensenada
0%
Escondida
0%
Escudilla Bonita
0%
Espanola
0%
Estancia
0%
Eunice
0%
Fairacres
0%
Faywood
0%
Flora Vista
0%
Floyd
0%
Forrest
0%
Fort Bayard
0%
Fort Sumner
0%
Fruitland
0%
Gage
0%
Gamerco
0%
Garfield
0%
Garita
0%
Garrison
0%
Gary
0%
Gila
0%
Gladstone
0%
Glen Acres
0%
Glencoe
0%
Glenrio
0%
Glenrio and Texas
0%
Gobernador
0%
Golden
0%
Golondrinas
0%
Grady
0%
Gran Quivira
0%
Grenville
0%
Guadalupita
0%
Hagan
0%
Hanover
0%
Happy Valley
0%
Hermosa
0%
Highland Meadows
0%
Holloman AFB
0%
Holman
0%
Holy Ghost
0%
Homestead
0%
Hondo
0%
Hope
0%
Hortonville
0%
Hot Springs Landing
0%
House
0%
Huerfano
0%
Hurley
0%
Ilfeld
0%
Indian Hills
0%
Inez
0%
Isleta Village Proper
0%
Jacona
0%
Jaconita
0%
Jamestown
0%
Jarales
0%
Jicarilla
0%
Keeler Farm
0%
Kelly
0%
Kenna
0%
Kermit
0%
Kewa Pueblo
0%
Kirtland[b]
0%
La Bajada
0%
La Belle
0%
La Cienega
0%
La Cueva
0%
La Hacienda
0%
La Huerta
0%
La Jara
0%
La Joya
0%
Lake Roberts
0%
Lake Roberts Heights
0%
Lake Sumner
0%
Lake Valley
0%
Lakewood
0%
La Loma
0%
La Luz
0%
La Madera
0%
La Mesa
0%
La Mesilla
0%
Lanark
0%
La Plata
0%
La Puebla
0%
Las Maravillas
0%
Las Nutrias
0%
Las Palomas
0%
Las Tablas
0%
La Union
0%
La Villita
0%
Lee Acres
0%
Lemitar
0%
Lincoln
0%
Lindrith
0%
Lingo
0%
Livingston Wheeler
0%
Llano
0%
Llano del Medio
0%
Llano Quemado
0%
Loco Hills
0%
Los Chaves
0%
Los Luceros
0%
Los Trujillos-Gabaldon
0%
Lower Frisco
0%
Luis Lopez
0%
Lumberton
0%
Luna
0%
Lyden
0%
Madrone
0%
Malaga
0%
Maljamar
0%
Mangas Springs
0%
Manzano
0%
Manzano Springs
0%
Mayhill
0%
McAlister
0%
McCartys Village
0%
McDonald
0%
McIntosh
0%
Meadow Lake
0%
Medanales
0%
Melrose
0%
Mentmore
0%
Mescalero
0%
Mesita
0%
Mesquite
0%
Miami
0%
Middle Frisco
0%
Midway
0%
Miera
0%
Mills
0%
Milnesand
0%
Mimbres
0%
Monterey Park
0%
Montezuma
0%
Monticello
0%
Montoya
0%
Monument
0%
Moquino
0%
Morningside
0%
Mountain Park
0%
Mountain View
0%
Mount Dora
0%
Mouser Place
0%
Mowry City
0%
Mule Creek
0%
Nadine
0%
Nakaibito
0%
Napi HQ
0%
Nara Visa
0%
Naschitti
0%
Navajo City
0%
Navajo Dam
0%
Nenahnezad
0%
Newcomb
0%
Newkirk
0%
New Laguna
0%
Newman
0%
No Agua
0%
North Acomita Village
0%
North Hobbs
0%
North Hurley
0%
North Light Plant
0%
North San Ysidro
0%
Oasis
0%
Ocate
0%
Ojo Amarillo
0%
Ojo Feliz
0%
Ojo Sarco
0%
Old Hachita
0%
Old Horse Springs
0%
Organ
0%
Orogrande
0%
Paguate
0%
Pajarito Mesa
0%
Paradise Hills
0%
Paraje
0%
Pastura
0%
Peak Place
0%
Pecan Park
0%
Peña Blanca
0%
Pep
0%
Petaca
0%
Picacho
0%
Pilar
0%
Pinedale
0%
Pinehill
0%
Piñon
0%
Piños Altos
0%
Pinos Altos (High Pines)
0%
Pittsburg
0%
Placitas
0%
Playas
0%
Pleasanton
0%
Polvadera
0%
Ponderosa
0%
Ponderosa Pine
0%
Prewitt
0%
Progresso
0%
Pueblito
0%
Pueblitos
0%
Pueblo
0%
Pueblo of Isleta
0%
Pueblo of Sandia Village
0%
Pueblo Pintado
0%
Puerto de Luna
0%
Pulpotio Bareas
0%
Quay
0%
Queen
0%
Radium Springs
0%
Rainsville
0%
Rancho Grande
0%
Ranchos de Taos
0%
Rayado
0%
Red Hill
0%
Rehoboth
0%
Ribera
0%
Richland
0%
Rincón
0%
Río Chiquito
0%
Rio Communities North
0%
Rio en Medio
0%
Rio Lucio
0%
Rivers
0%
Riverside
0%
Road Fork
0%
Road Forks
0%
Rociada
0%
Rock Springs
0%
Rodeo
0%
Rodey
0%
Rogers
0%
Rosedale
0%
Rowe
0%
Rutheron
0%
Sabinal
0%
Sacramento
0%
Salem
0%
San Acacia
0%
San Albino
0%
San Antonio
0%
San Antonito
0%
Sandia Heights
0%
Sandia Knolls
0%
Sandia Park
0%
San Felipe Pueblo
0%
San Fidel
0%
San Francisco Plaza
0%
San Jose
0%
San José
0%
San Luis
0%
San Marcial
0%
Sanostee
0%
San Patricio
0%
San Rafael
0%
Santa Barbara
0%
Santa Rita
0%
Santo Domingo Pueblo
0%
San Ygnacio de la Alamosa
0%
Sapello
0%
Sausal
0%
Seama
0%
Seboyeta
0%
Sedan
0%
Sedillo
0%
Sena
0%
Seneca
0%
Separ
0%
Serafina
0%
Seton Village
0%
Shakespeare
0%
Sheep Springs
0%
Sherman
0%
Skyline-Ganipa
0%
Smith Lake
0%
Sofia
0%
Soham
0%
Solano
0%
Sombrillo
0%
South Acomita Village
0%
Spencerville
0%
Stanley
0%
Steins
0%
St. Vrain
0%
Sunny Side
0%
Sunshine
0%
Sunspot
0%
Taiban
0%
Tajique
0%
Talpa
0%
Tatum
0%
Tecolote
0%
Tecolotito
0%
Tejon
0%
Tererro
0%
Thoreau
0%
Three Rivers
0%
Timberon
0%
Tinnie
0%
Tohatchi
0%
Tome
0%
Tome-Adelino
0%
Torreon
0%
Totavi
0%
Trementina
0%
Trout Valley
0%
Tse Bonito
0%
Twin Forks
0%
Twining
0%
Twin Lakes
0%
Tyrone
0%
University Park
0%
Upham
0%
Upper Fruitland
0%
Upton
0%
Ute Park
0%
Vadito
0%
Vado
0%
Valdez
0%
Valedon
0%
Vallecitos
0%
Valmora
0%
Vanderwagen
0%
Veguita
0%
Velarde
0%
Villanueva
0%
Vinegaroon
0%
Virden
0%
Wagon Wheel
0%
Waldo
0%
Waterflow
0%
Watrous
0%
Weed
0%
West Hammond
0%
Wheatland
0%
White Oaks
0%
White Sands
0%
White Signal
0%
Willard
0%
Windmill
0%
Winston
0%
Yah-ta-hey
0%
Yerba
0%
Yeso
0%
Young Place
0%
Zapata
0%
Zuzax
0%
No matching quizzes found
Score Distribution
Percent of People with Each Score
Percentile by Number Answered
Your Score History
You have not taken this quiz